Brasileirão 2012 - Statistics

Estatísticas Gerais
  • Esse quiz foi jogado 60 vezes
  • A pontuação média é 18 de 20
Estatísticas das Respostas
Hint PTS Rodada 38 Resposta % Correto
6 57 1 X 3 (D) Corinthians
98%
11 50 2 X 2 (E) Flamengo
98%
1 77 1 X 2 (D) Fluminense
98%
18 30 1 X 3 (D) Palmeiras
98%
3 71 0 X 0 (E) Grêmio
96%
5 58 2 X 1 (V) Vasco
96%
10 52 0 X 0 (E) Internacional
94%
4 66 3 X 1 (V) São Paulo
94%
15 47 1 X 0 (V) Bahia
92%
7 55 2 X 2 (E) Botafogo
92%
9 52 2 X 3 (D) Cruzeiro
90%
8 53 3 X 1 (V) Santos
90%
13 48 3 X 0 (V) Coritiba
87%
17 41 0 X 1 (D) Sport
87%
12 49 1 X 0 (V) Náutico
85%
2 72 3 X 2 (V) Atlético-MG
83%
14 48 0 X 0 (E) Ponte Preta
79%
16 45 0 X 0 (E) Portuguesa
79%
19 30 0 X 1 (D) Atlético-GO
65%
20 30 0 X 3 (D) Figueirense
63%
Nenhum quiz correspondente encontrado
Distribuição das Pontuações
Porcentagem de Pessoas com Cada Pontuação
Percentil de Números Respondidos
Sua Pontuação Histórica
Você não jogou esse quiz